[Event "7th Asia-ch"]
[Site "Subic Bay PHI"]
[Date "2009.05.22"]
[Round "10"]
[White "Yu Yangyi"]
[Black "Sasikiran, Krishnan"]
[Result "1-0"]
[WhiteElo "2433"]
[BlackElo "2682"]
[EventDate "2009.05.13"]
[PlyCount "109"]

1.e4 e5 2.Nf3 Nc6 3.Nc3 Nf6 4.Bb5 Bd6 5.O-O O-O 6.d3 h6 7.Ne2 a6 8.Bxc6 
dxc6 9.h3 Nd7 10.b3 Re8 11.Bb2 Nf8 12.Nd2 Ng6 13.Nc4 Bc5 14.Kh2 Qh4 15.Nd2
Bd7 16.Nf3 Qe7 17.Ng3 Bd6 18.Kh1 Rad8 19.Nh5 c5 20.Ne1 f6 21.g4 b5 22.Qe2 
Be6 23.c4 Bf7 24.Ng2 Nf4 25.Qf3 Nxh5 26.gxh5 f5 27.Qxf5 Rf8 28.Qg4 Be6 29.
Qg3 Qg5 30.Kh2 Rd7 31.Qxg5 hxg5 32.Kg3 Kh7 33.Ne3 Kh6 34.Ng4+ Kxh5 35.Bxe5
Bxg4 36.hxg4+ Kg6 37.Bxd6 Rxd6 38.Rad1 Rfd8 39.f3 b4 40.Rfe1 Kf7 41.e5 Rd4
42.e6+ Kf6 43.Re3 g6 44.Rh1 Re8 45.Rh7 Rxe6 46.Rxe6+ Kxe6 47.Rxc7 Kd6 48.
Ra7 Rxd3 49.Rxa6+ Kc7 50.Rxg6 Rd2 51.Rxg5 Kb6 52.Rg6+ Ka5 53.Rg5 Kb6 54.
Re5 Rxa2 55.g5 1-0

[Event "7th Asia-ch"]
[Site "Subic Bay PHI"]
[Date "2009.05.22"]
[Round "10"]
[White "Yu Shaoteng"]
[Black "Rahman, Ziaur"]
[Result "1-0"]
[WhiteElo "2504"]
[BlackElo "2523"]
[EventDate "2009.05.13"]
[PlyCount "67"]

1.e4 g6 2.d4 Bg7 3.Nc3 c6 4.f4 Qb6 5.Nf3 d5 6.e5 Bg4 7.Be2 Nh6 8.Na4 Qa5+ 
9.c3 Nd7 10.O-O e6 11.Be3 Nf5 12.Bf2 O-O 13.h3 Bxf3 14.Bxf3 b5 15.Nc5 Nxc5
16.dxc5 f6 17.g4 Ne7 18.exf6 Rxf6 19.Bh4 Rf7 20.Qe1 Bf6 21.Bxf6 Rxf6 22.g5
Rf7 23.Bg4 Rg7 24.Qxe6+ Kh8 25.Rae1 Rd8 26.Qf6 Ng8 27.Qd4 Qxa2 28.Re6 Qxb2
29.Rxc6 Re8 30.Rc7 Re7 31.Rxe7 Nxe7 32.Re1 Ng8 33.c6 h5 34.gxh6 1-0

[Event "7th Asia-ch"]
[Site "Subic Bay PHI"]
[Date "2009.05.22"]
[Round "10"]
[White "Le Quang Liem"]
[Black "Iuldachev, Saidali"]
[Result "1-0"]
[WhiteElo "2591"]
[BlackElo "2497"]
[EventDate "2009.05.13"]
[PlyCount "91"]

1.d4 Nf6 2.Nf3 g6 3.c4 Bg7 4.g3 O-O 5.Bg2 d6 6.O-O Nc6 7.Nc3 Bf5 8.h3 Ne4 
9.Nd5 Bd7 10.Nf4 e5 11.dxe5 dxe5 12.Nxe5 Nxe5 13.Bxe4 Nxc4 14.Qc2 Nd6 15.
Bg2 Re8 16.Rd1 Bf5 17.Qb3 a5 18.a4 Be4 19.Be3 Bxg2 20.Kxg2 Qe7 21.Rac1 Nf5
22.Bc5 Qe4+ 23.f3 Qe5 24.Rd7 Qf6 25.e4 Nxg3 26.Be3 Rad8 27.Rcxc7 Rxd7 28.
Rxd7 Nh5 29.Nxh5 gxh5 30.Rxb7 Qg6+ 31.Kf1 Be5 32.f4 Qf6 33.Rb6 Qh4 34.fxe5
Qxh3+ 35.Ke1 Qh1+ 36.Kd2 Qg2+ 37.Kd3 Rxe5 38.Rb8+ Kg7 39.Bd4 Qxe4+ 40.Kc3 
Qf3+ 41.Kc2 Qg2+ 42.Kc1 Qc6+ 43.Qc2 Qh1+ 44.Qd1 Qc6+ 45.Kb1 Qe4+ 46.Ka1 
1-0

[Event "7th Asia-ch"]
[Site "Subic Bay PHI"]
[Date "2009.05.22"]
[Round "10"]
[White "Torre, Eugenio"]
[Black "Al-Modiahki, Mohamad"]
[Result "1-0"]
[WhiteElo "2561"]
[BlackElo "2585"]
[EventDate "2009.05.13"]
[PlyCount "99"]

1.b3 e5 2.Bb2 Nc6 3.e3 d6 4.Nf3 Nf6 5.c4 e4 6.Nd4 Ne5 7.d3 d5 8.Nc2 Bg4 9.
Qd2 Nxd3+ 10.Bxd3 exd3 11.Nd4 dxc4 12.f3 c5 13.Nb5 a6 14.Bxf6 gxf6 15.N5c3
Be6 16.bxc4 b5 17.cxb5 c4 18.Kf2 Bc5 19.Rc1 axb5 20.Nxb5 f5 21.Kf1 f4 22.
exf4 O-O 23.N1c3 Bd7 24.Ne4 Bxb5 25.Nxc5 Re8 26.Ne4 f5 27.Nc3 Ba6 28.Re1 
Qd4 29.Rab1 Re2 30.Rxe2 dxe2+ 31.Kxe2 Re8+ 32.Kd1 Qf6 33.Qd5+ Kh8 34.Kc2 
Qg7 35.Qe5 Qxe5 36.fxe5 Rxe5 37.Rb6 Bc8 38.Rb8 Re8 39.f4 Kg7 40.a4 Kf7 41.
a5 h5 42.g3 h4 43.gxh4 Rg8 44.Kb2 Rg2+ 45.Ka3 Rc2 46.Rxc8 Rxc3+ 47.Kb4 Rc2
48.Rxc4 Rxh2 49.a6 Ke6 50.Kb5 1-0

[Event "7th Asia-ch"]
[Site "Subic Bay PHI"]
[Date "2009.05.22"]
[Round "10"]
[White "Deepan Chakravarthy, Jeyakumar"]
[Black "Al-Sayed, Mohamad Naser"]
[Result "1-0"]
[WhiteElo "2482"]
[BlackElo "2496"]
[EventDate "2009.05.13"]
[PlyCount "79"]

1.d4 Nf6 2.Nf3 d6 3.Bf4 Nh5 4.Bc1 g6 5.e4 Bg7 6.Bc4 O-O 7.O-O Nc6 8.d5 Nb8
9.Nc3 Bg4 10.Be2 e5 11.dxe6 fxe6 12.h3 Bxf3 13.Bxf3 Nf4 14.Bg4 h5 15.Bxf4 
hxg4 16.Qxg4 Qf6 17.Bg5 Qf7 18.Ne2 Nd7 19.c3 Rae8 20.f4 Nc5 21.Ng3 d5 22.
e5 Kh7 23.Qh4+ Kg8 24.Qg4 Kh7 25.Qh4+ Kg8 26.Rad1 Qd7 27.b4 Na4 28.Ne4 Qc6
29.Nf6+ Kf7 30.Nxe8 Rxe8 31.Kh2 Nxc3 32.Rc1 Qc4 33.Bf6 Rh8 34.Qg3 d4 35.
Bxg7 Kxg7 36.f5 exf5 37.Rxf5 d3 38.Rf6 Rh6 39.Rcf1 d2 40.Rf7+ 1-0

[Event "7th Asia-ch"]
[Site "Subic Bay PHI"]
[Date "2009.05.22"]
[Round "10"]
[White "Gupta, Abhijeet"]
[Black "Gundavaa, Bayarsaihan"]
[Result "1-0"]
[WhiteElo "2570"]
[BlackElo "2461"]
[EventDate "2009.05.13"]
[PlyCount "93"]

1.d4 d5 2.c4 c6 3.Nc3 Nf6 4.Nf3 a6 5.g3 dxc4 6.a4 g6 7.Bg2 Bg7 8.O-O a5 9.
e4 O-O 10.Qe2 Na6 11.Qxc4 Nb4 12.Be3 Ng4 13.Bf4 b6 14.Rfd1 Ba6 15.Qb3 Nd3 
16.Rxd3 Bxd3 17.h3 Nf6 18.Ne5 Qxd4 19.Nxc6 Qc5 20.e5 Nd7 21.Qd1 Qc4 22.Nd5
Kh8 23.Rc1 Be2 24.Qe1 Qd3 25.Nc3 Bf3 26.Bf1 Qxf1+ 27.Qxf1 Bxc6 28.Nb5 Nc5 
29.Be3 Bxe5 30.Bxc5 bxc5 31.Rxc5 Bxb5 32.Rxb5 Bd6 33.Qe1 Bb4 34.Rxb4 axb4 
35.Qxb4 Kg8 36.Qa3 Rfc8 37.Kg2 Rc2 38.b4 Rd8 39.a5 Rdd2 40.Qe3 Re2 41.Qb6 
Ra2 42.a6 e5 43.a7 Kg7 44.g4 e4 45.Qd4+ Kh6 46.h4 f6 47.Qxf6 1-0

[Event "7th Asia-ch"]
[Site "Subic Bay PHI"]
[Date "2009.05.22"]
[Round "10"]
[White "Bitoon, Richard"]
[Black "Li Shilong"]
[Result "0-1"]
[WhiteElo "2479"]
[BlackElo "2557"]
[EventDate "2009.05.13"]
[PlyCount "82"]

1.e4 c5 2.Ne2 Nf6 3.Nbc3 d6 4.g3 Nc6 5.Bg2 g6 6.O-O Bg7 7.d3 O-O 8.h3 Rb8 
9.f4 Bd7 10.Be3 b5 11.Qd2 b4 12.Nd1 a5 13.Rc1 a4 14.c4 bxc3 15.bxc3 Qa5 
16.g4 Ne8 17.f5 Ne5 18.Bg5 Nf6 19.Ng3 a3 20.Bh6 Ba4 21.Bxg7 Kxg7 22.g5 Ng8
23.Rf2 c4 24.dxc4 Qc5 25.Ne2 Bxd1 26.Qxd1 Qe3 27.Nf4 Rb2 28.Qe1 Nf3+ 29.
Bxf3 Qxf4 30.Rd1 Rfb8 31.Bg2 Qxg5 32.c5 dxc5 33.Kh1 Rxf2 34.Qxf2 Rb2 35.
Qf3 Rxa2 36.c4 Nf6 37.Rg1 Qh4 38.e5 Nh5 39.fxg6 hxg6 40.e6 Qf4 41.Qc3+ f6 
0-1

[Event "7th Asia-ch"]
[Site "Subic Bay PHI"]
[Date "2009.05.22"]
[Round "10"]
[White "Toufighi, Homayoon"]
[Black "Megaranto, Susanto"]
[Result "1-0"]
[WhiteElo "2478"]
[BlackElo "2553"]
[EventDate "2009.05.13"]
[PlyCount "103"]

1.e4 Nf6 2.Nc3 d5 3.exd5 Nxd5 4.Bc4 c6 5.Qf3 e6 6.Nge2 Nd7 7.d4 b6 8.O-O 
N7f6 9.Qg3 Qd6 10.Bxd5 Nxd5 11.Nf4 Nxc3 12.bxc3 Bb7 13.a4 Qc7 14.a5 O-O-O 
15.axb6 axb6 16.Nd3 Bd6 17.Bf4 Bxf4 18.Nxf4 Rhe8 19.Rfe1 e5 20.Qg4+ Kb8 
21.Nd3 exd4 22.cxd4 f6 23.Rxe8 Rxe8 24.c4 Rd8 25.c5 b5 26.Nb4 f5 27.Qd1 
Qf4 28.Nc2 Re8 29.Qd3 g6 30.h3 Qc7 31.Qc3 Re4 32.Nb4 Qg7 33.Rd1 f4 34.Qd2 
Qe7 35.Qc3 Qf6 36.Nc2 g5 37.Ne1 Qe6 38.Nf3 Qd5 39.Qd3 h6 40.Ne5 Bc8 41.Kh2
Rxe5 42.dxe5 Qxe5 43.Qd8 f3+ 44.Kg1 Qc7 45.Qf6 fxg2 46.Qxh6 g4 47.hxg4 
Bxg4 48.Qf8+ Kb7 49.Re1 Bd7 50.Re7 b4 51.Qg7 Kc8 52.Qd4 1-0

[Event "7th Asia-ch"]
[Site "Subic Bay PHI"]
[Date "2009.05.22"]
[Round "10"]
[White "Wan Yunguo"]
[Black "Laylo, Darwin"]
[Result "1-0"]
[WhiteElo "2434"]
[BlackElo "2509"]
[EventDate "2009.05.13"]
[PlyCount "59"]

1.e4 d5 2.exd5 Nf6 3.Nf3 Nxd5 4.d4 Bf5 5.Bd3 Bxd3 6.Qxd3 e6 7.O-O Nd7 8.c4
N5f6 9.Nc3 Be7 10.Bf4 O-O 11.Rfd1 c6 12.Qe2 Re8 13.Ne5 Nf8 14.Rd3 Qb6 15.
a3 a5 16.Rad1 Qa6 17.h4 Rad8 18.h5 N6d7 19.Rg3 Nxe5 20.Bxe5 f6 21.Qg4 g6 
22.hxg6 Nxg6 23.Bc7 Rc8 24.Qxe6+ Kg7 25.Bf4 Rcd8 26.Ne4 Qb6 27.Nxf6 Bxf6 
28.Bh6+ Kxh6 29.Qxf6 Re5 30.dxe5 1-0

[Event "7th Asia-ch"]
[Site "Subic Bay PHI"]
[Date "2009.05.22"]
[Round "10"]
[White "Ashwin, Jayaram"]
[Black "Paragua, Mark"]
[Result "1/2-1/2"]
[WhiteElo "2413"]
[BlackElo "2529"]
[EventDate "2009.05.13"]
[PlyCount "48"]

1.e4 c5 2.Nf3 d6 3.d4 cxd4 4.Nxd4 Nf6 5.Nc3 a6 6.Be3 e5 7.Nb3 Be6 8.Qd2 
Nbd7 9.O-O-O Rc8 10.f4 b5 11.h3 b4 12.Nd5 Nxe4 13.Qe1 Bxd5 14.Rxd5 Qc7 15.
Bd3 Nef6 16.Ra5 e4 17.Kb1 Be7 18.Bxa6 Qxc2+ 19.Ka1 Ra8 20.Qg3 Nh5 21.Qg4 
Nhf6 22.Qg3 Nh5 23.Qg4 Nhf6 24.Qg3 Nh5 1/2-1/2

[Event "7th Asia-ch"]
[Site "Subic Bay PHI"]
[Date "2009.05.22"]
[Round "10"]
[White "Nguyen Anh Dung"]
[Black "Pak, Evgeny"]
[Result "0-1"]
[WhiteElo "2518"]
[BlackElo "2328"]
[EventDate "2009.05.13"]
[PlyCount "72"]

1.d4 d5 2.c4 c6 3.Nf3 Nf6 4.Nc3 e6 5.Bg5 dxc4 6.e4 b5 7.e5 h6 8.Bh4 g5 9.
Nxg5 hxg5 10.Bxg5 Nbd7 11.exf6 Qa5 12.Be2 Bb7 13.O-O O-O-O 14.Bf4 Nxf6 15.
Bf3 Bd6 16.Bxd6 Rxd6 17.Qc1 Rxd4 18.h3 Qc7 19.Rd1 Rf4 20.Qe3 Rg8 21.Ne2 
Rh4 22.Ng3 c5 23.Bxb7+ Kxb7 24.a4 b4 25.a5 a6 26.Rac1 Nd5 27.Qe2 Qc6 28.
Rxc4 Nf4 29.Qf1 Nxg2 30.Rxc5 Qxc5 31.Qxg2+ Kc7 32.Qf3 f5 33.Qd3 Rxh3 34.
Kf1 Qb5 35.Qxb5 axb5 36.Rd4 Rg4 0-1

[Event "7th Asia-ch"]
[Site "Subic Bay PHI"]
[Date "2009.05.22"]
[Round "10"]
[White "Gonzales, Jayson"]
[Black "Gao Rui"]
[Result "0-1"]
[WhiteElo "2465"]
[BlackElo "2500"]
[EventDate "2009.05.13"]
[PlyCount "146"]

1.d4 Nf6 2.Nf3 e6 3.c4 c5 4.d5 exd5 5.cxd5 d6 6.Nc3 g6 7.Bg5 h6 8.Bh4 g5 
9.Bg3 Nh5 10.e3 Nxg3 11.hxg3 Bg7 12.Bd3 a6 13.a4 Nd7 14.Qc2 Qe7 15.a5 b5 
16.axb6 Nxb6 17.Bf5 Bxf5 18.Qxf5 O-O 19.Ne4 Rfe8 20.Nfd2 Qe5 21.Qxe5 Rxe5 
22.Nxd6 Rxd5 23.N6c4 Rb8 24.e4 Rd4 25.Ne3 Rb4 26.Nf5 Rxb2 27.Nf3 g4 28.
N3h4 Bc3+ 29.Kf1 Nc4 30.Rc1 Rb1 31.Ke2 R1b2+ 32.Kf1 Nd2+ 33.Kg1 Rb1 34.Kh2
Bg7 35.Rhd1 Rxc1 36.Rxc1 Rb1 37.Rxc5 Nf1+ 38.Kg1 Nxg3+ 39.Kh2 Nf1+ 40.Kg1 
Nd2+ 41.Kh2 Nf1+ 42.Kg1 Ng3+ 43.Kh2 Nxe4 44.Rc8+ Kh7 45.Nxg7 Kxg7 46.Rc6 
Rb5 47.f3 gxf3 48.gxf3 Rh5 49.Kh3 Nc5 50.Kg3 Rg5+ 51.Kf2 a5 52.Rc7 Ne6 53.
Ra7 Nf4 54.Ke3 Ng6 55.f4 Rb5 56.Ng2 h5 57.Kf3 Rb3+ 58.Kf2 Ra3 59.f5 Ne5 
60.Ra6 a4 61.Kg1 Nf3+ 62.Kf2 Nd4 63.Ne3 h4 64.Rd6 Ra2+ 65.Kf1 Nf3 66.Ng4 
Nh2+ 67.Nxh2 Rxh2 68.Ra6 Ra2 69.Kg1 h3 70.Kh1 a3 71.Kg1 Rg2+ 72.Kh1 a2 73.
f6+ Kg6 0-1

[Event "7th Asia-ch"]
[Site "Subic Bay PHI"]
[Date "2009.05.22"]
[Round "10"]
[White "Nguyen Thanh Son"]
[Black "Harika, Dronavalli"]
[Result "1/2-1/2"]
[WhiteElo "2362"]
[BlackElo "2474"]
[EventDate "2009.05.13"]
[PlyCount "60"]

1.c3 d5 2.d3 Nf6 3.Nf3 g6 4.Nbd2 Bg7 5.e4 dxe4 6.dxe4 O-O 7.Bc4 c5 8.e5 
Ng4 9.Qe2 Nc6 10.e6 f6 11.O-O Nge5 12.Nxe5 Nxe5 13.Nf3 Nxc4 14.Qxc4 Qb6 
15.Re1 Qc6 16.b4 cxb4 17.Qxb4 f5 18.Nd4 a5 19.Qb3 Bxd4 20.cxd4 a4 21.Qb4 
Bxe6 22.Bh6 Rf7 23.d5 Bxd5 24.Rxe7 g5 25.Rxf7 Kxf7 26.Bxg5 Re8 27.Qf4 Qe6 
28.f3 Qe5 29.Qxe5 Rxe5 30.Kf2 Bc4 1/2-1/2

[Event "7th Asia-ch"]
[Site "Subic Bay PHI"]
[Date "2009.05.22"]
[Round "10"]
[White "Hossain, Enamul"]
[Black "Garma, Edgardo"]
[Result "1-0"]
[WhiteElo "2531"]
[BlackElo "2421"]
[EventDate "2009.05.13"]
[PlyCount "73"]

1.e4 d5 2.exd5 Qxd5 3.Nc3 Qa5 4.d4 Nf6 5.Bd3 Nc6 6.Ne2 Nb4 7.Ng3 e5 8.O-O 
exd4 9.Nce4 Be7 10.Nxf6+ Bxf6 11.Bd2 Qb6 12.Qe1+ Be7 13.Nf5 Bxf5 14.Bxf5 
g6 15.a3 Nc6 16.Be4 Nd8 17.c3 c5 18.cxd4 cxd4 19.Bd5 Qf6 20.Bb4 Kf8 21.Rc1
Bxb4 22.Qxb4+ Kg7 23.Rfe1 Rb8 24.Re4 Nc6 25.Qd2 Rhe8 26.Rf4 Re2 27.Rxf6 
Rxd2 28.Rxf7+ Kh6 29.f4 d3 30.g4 Rh8 31.Be4 Nd4 32.Rc5 Ne2+ 33.Kf1 Nxf4 
34.g5+ Kh5 35.Rxf4 Rd1+ 36.Kf2 Rd2+ 37.Kg3 1-0

[Event "7th Asia-ch"]
[Site "Subic Bay PHI"]
[Date "2009.05.22"]
[Round "10"]
[White "Kim, Alexey"]
[Black "Akshayraj, Kore"]
[Result "1-0"]
[WhiteElo "2481"]
[BlackElo "2404"]
[EventDate "2009.05.13"]
[PlyCount "61"]

1.e4 c5 2.Nf3 Nc6 3.Bb5 g6 4.O-O Bg7 5.h3 d6 6.Re1 Nh6 7.c3 O-O 8.d4 f5 9.
dxc5 fxe4 10.cxd6 Bxh3 11.Rxe4 Bf5 12.Bxc6 bxc6 13.Rxe7 Nf7 14.Bf4 Rb8 15.
Na3 Bf6 16.Nd4 Nxd6 17.Nxf5 Nxf5 18.Rd7 Qb6 19.Bxb8 Qxb2 20.Rb1 Qxa3 21.
Qb3+ Qxb3 22.Rxb3 a5 23.a4 c5 24.Ba7 c4 25.Rb8 Bxc3 26.Rc7 Nd6 27.Rxf8+ 
Kxf8 28.Bc5 Bb4 29.Bxd6+ Bxd6 30.Rxc4 Ke7 31.Rc6 1-0

[Event "7th Asia-ch"]
[Site "Subic Bay PHI"]
[Date "2009.05.22"]
[Round "10"]
[White "Wang Rui"]
[Black "Wang Li"]
[Result "1-0"]
[WhiteElo "2434"]
[BlackElo "2401"]
[EventDate "2009.05.13"]
[PlyCount "125"]

1.d4 d5 2.c4 dxc4 3.e3 Nf6 4.Bxc4 a6 5.Nf3 b5 6.Bd3 Bb7 7.a4 b4 8.O-O e6 
9.Nbd2 Nbd7 10.e4 Nc5 11.Qe2 Nxd3 12.Qxd3 Be7 13.Re1 c5 14.e5 Nd7 15.Ne4 
O-O 16.Bf4 cxd4 17.Nfg5 Bxe4 18.Nxe4 Nc5 19.Qg3 Kh8 20.Rad1 Qd5 21.Nxc5 
Bxc5 22.Rd3 f6 23.Qg4 f5 24.Qh4 Qd7 25.Bg5 Kg8 26.b3 Rac8 27.Red1 Qf7 28.
Rg3 g6 29.Bf6 Rfe8 30.Qf4 Bb6 31.a5 Bd8 32.Qxd4 Bxf6 33.exf6 e5 34.Qxb4 
Qxf6 35.Rgd3 e4 36.Rd6 Re6 37.Qb7 Rce8 38.Qxa6 f4 39.Rxe6 Rxe6 40.Qc8+ Kg7
41.Qd8 Re7 42.Qd4 Re5 43.a6 Ra5 44.Qxe4 Rxa6 45.h3 Ra1 46.Rxa1 Qxa1+ 47.
Kh2 Qb2 48.Qe7+ Kg8 49.Qe6+ Kg7 50.Qb6 Kh6 51.b4 f3 52.Qc5 fxg2 53.Kxg2 
Qb1 54.b5 Qe4+ 55.Kg3 Qb1 56.Kh2 g5 57.Qc6+ Kh5 58.b6 Qf5 59.Kg1 g4 60.b7 
Qe5 61.hxg4+ Kxg4 62.Qg2+ Kf5 63.Qf3+ 1-0

[Event "7th Asia-ch"]
[Site "Subic Bay PHI"]
[Date "2009.05.22"]
[Round "10"]
[White "Dimakiling, Oliver"]
[Black "Batchuluun, Cegmed"]
[Result "0-1"]
[WhiteElo "2426"]
[BlackElo "2391"]
[EventDate "2009.05.13"]
[PlyCount "102"]

1.Nf3 Nf6 2.c4 c6 3.g3 d5 4.Bg2 Bg4 5.Ne5 Bf5 6.cxd5 cxd5 7.O-O e6 8.Qb3 
Nbd7 9.d4 Qb6 10.Qxb6 Nxb6 11.Nc3 a6 12.a4 Bd6 13.a5 Nbd7 14.Nxd7 Nxd7 15.
f3 Bg6 16.Bh3 Nf6 17.Bd2 Rc8 18.Rfc1 O-O 19.Na4 Bc2 20.Nc5 Bxc5 21.dxc5 
Bb3 22.Kf2 Bc4 23.Bg2 Bb5 24.Bf4 Rfe8 25.Bd6 Red8 26.g4 Ne8 27.Bf4 d4 28.
Ra3 Nc7 29.Bxc7 Rxc7 30.f4 f6 31.b4 e5 32.f5 Bc6 33.Bf1 Rcd7 34.Kg3 Kf7 
35.h4 g6 36.fxg6+ hxg6 37.Bh3 d3 38.exd3 Rxd3+ 39.Rxd3 Rxd3+ 40.Kh2 Rd2+ 
41.Kg3 Rd3+ 42.Kh2 Rb3 43.Rd1 Rxb4 44.Rd6 Ra4 45.g5 Rxh4 46.Rxf6+ Kg7 47.
Kg3 Rh5 48.Rd6 Rxg5+ 49.Bg4 e4 50.Kf4 Rxc5 51.Bd7 Rd5 0-1

[Event "7th Asia-ch"]
[Site "Subic Bay PHI"]
[Date "2009.05.22"]
[Round "10"]
[White "Nguyen Van Huy"]
[Black "Causo, Deniel"]
[Result "1-0"]
[WhiteElo "2423"]
[BlackElo "2367"]
[EventDate "2009.05.13"]
[PlyCount "83"]

1.e4 d5 2.exd5 Nf6 3.d4 Bg4 4.Be2 Bxe2 5.Qxe2 Qxd5 6.Nf3 e6 7.c4 Bb4+ 8.
Bd2 Bxd2+ 9.Nbxd2 Qh5 10.O-O O-O 11.b4 Nbd7 12.Nb3 b6 13.Rfe1 Rfe8 14.h3 
h6 15.Rab1 Rac8 16.a4 c5 17.dxc5 bxc5 18.b5 e5 19.Nfd2 Qg6 20.Ne4 Nxe4 21.
Qxe4 Qxe4 22.Rxe4 f5 23.Re2 e4 24.Rd1 Ne5 25.Rd5 g6 26.Rc2 Nd3 27.Rd7 Ra8 
28.a5 f4 29.a6 e3 30.fxe3 fxe3 31.Nc1 Ne5 32.Rd5 Rad8 33.Kf1 Rf8+ 34.Ke1 
Nd7 35.Nd3 Rf5 36.Rd6 Kf7 37.Re2 Ke7 38.Rxg6 Ne5 39.Nxe5 Rxe5 40.b6 axb6 
41.Rxb6 Rd3 42.Ra2 1-0

[Event "7th Asia-ch"]
[Site "Subic Bay PHI"]
[Date "2009.05.22"]
[Round "10"]
[White "Abu Sufian, Shakil"]
[Black "Sadorra, Julio Catalino"]
[Result "1/2-1/2"]
[WhiteElo "2378"]
[BlackElo "2451"]
[EventDate "2009.05.13"]
[PlyCount "80"]

1.e4 e6 2.d4 d5 3.Nc3 Nf6 4.e5 Nfd7 5.f4 c5 6.Nf3 Nc6 7.Be3 a6 8.Qd2 b5 9.
a3 g5 10.fxg5 cxd4 11.Nxd4 Ndxe5 12.Bd3 Na5 13.b3 Nxd3+ 14.Qxd3 Bg7 15.
Nce2 O-O 16.Ng3 f5 17.gxf6 Qxf6 18.Rf1 Qe5 19.Rxf8+ Bxf8 20.Kf1 Nb7 21.Re1
Nc5 22.Qd2 Ne4 23.Nxe4 dxe4 24.Kg1 Bb7 25.Qe2 Bg7 26.Qg4 Bd5 27.Ne2 Qf5 
28.Qg3 Rc8 29.Rf1 Qg6 30.Qd6 Bf8 31.Qxa6 Rxc2 32.Qxb5 Bd6 33.g3 Bc4 34.
bxc4 Rxe2 35.Bf4 Bf8 36.Bg5 e3 37.Qb8 Rf2 38.Bxe3 Rxf1+ 39.Kxf1 Qd3+ 40.
Kf2 Qxc4 1/2-1/2

[Event "7th Asia-ch"]
[Site "Subic Bay PHI"]
[Date "2009.05.22"]
[Round "10"]
[White "Olay, Edgar Reggie"]
[Black "Hoang Canh Huan"]
[Result "0-1"]
[WhiteElo "2348"]
[BlackElo "2378"]
[EventDate "2009.05.13"]
[PlyCount "128"]

1.d4 g6 2.c4 Bg7 3.Nc3 d6 4.e4 Nc6 5.Nge2 e5 6.Be3 f5 7.dxe5 Nxe5 8.c5 Nf6
9.exf5 Bxf5 10.Nd4 Bg4 11.Qb3 d5 12.Qxb7 O-O 13.h3 Rb8 14.Qxa7 Rxb2 15.Qa3
Rb8 16.hxg4 Nfxg4 17.Ne6 Nxe3 18.fxe3 Rxf1+ 19.Kxf1 Qf6+ 20.Nf4 Nc4 21.Qc1
g5 22.Rb1 Rxb1 23.Nxb1 gxf4 24.exf4 Qf5 25.Rh3 Bd4 26.Rg3+ Kh8 27.Nc3 Qf6 
28.Nb5 Qh4 29.Ke2 Qxg3 30.Nxd4 Qxg2+ 31.Kd3 Qxa2 32.Qc3 Kg8 33.Nc2 Qb1 34.
Ke2 Qg1 35.Ne1 Qxc5 36.Nf3 Qe7+ 37.Kf2 Nd6 38.Qd4 Ne4+ 39.Kf1 c6 40.Qb6 
Qd7 41.Qb8+ Kg7 42.Qe5+ Kf7 43.Qh5+ Kg8 44.Qh4 Qb7 45.Ne5 Qb1+ 46.Kg2 Qb2+
47.Kg1 Qb6+ 48.Kf1 Qa6+ 49.Kg1 Qa7+ 50.Kf1 h5 51.Kg2 Qg7+ 52.Kf3 Qa7 53.
Kg2 Kg7 54.Kf3 Qa3+ 55.Kg2 Qb2+ 56.Kg1 Qc1+ 57.Kg2 Qd2+ 58.Kg1 Qd1+ 59.Kg2
Qe2+ 60.Kg1 Kh6 61.Nf7+ Kg6 62.Ne5+ Kf5 63.Qh3+ Kxf4 64.Nd3+ Kg5 0-1

[Event "7th Asia-ch"]
[Site "Subic Bay PHI"]
[Date "2009.05.22"]
[Round "10"]
[White "Al-Huwar, Jasem"]
[Black "Pascua, Haridas"]
[Result "0-1"]
[WhiteElo "2293"]
[BlackElo "2359"]
[EventDate "2009.05.13"]
[PlyCount "52"]

1.Nf3 c5 2.g3 Nc6 3.d4 cxd4 4.Nxd4 g6 5.Bg2 Bg7 6.e3 Qb6 7.Nb3 Nf6 8.c4 d6
9.O-O Bg4 10.Qd2 Ne5 11.Qa5 Be2 12.Re1 Bxc4 13.N1d2 Ba6 14.Nf3 Qxa5 15.
Nxa5 Nxf3+ 16.Bxf3 O-O-O 17.b4 Rd7 18.Bb2 Bd3 19.e4 Kb8 20.Rad1 Bb5 21.e5 
Ne8 22.Bxb7 Rxb7 23.Nxb7 Kxb7 24.exd6 Bxb2 25.Rxe7+ Kc6 26.d7 Nd6 0-1

[Event "7th Asia-ch"]
[Site "Subic Bay PHI"]
[Date "2009.05.22"]
[Round "10"]
[White "Celis, Solomon"]
[Black "Jia Haoxiang"]
[Result "0-1"]
[WhiteElo "2007"]
[BlackElo "2344"]
[EventDate "2009.05.13"]
[PlyCount "58"]

1.d4 d5 2.c4 c6 3.cxd5 cxd5 4.Nc3 Nf6 5.Nf3 Nc6 6.Bf4 e6 7.e3 Be7 8.Be2 
O-O 9.O-O Nh5 10.Bg3 Nxg3 11.hxg3 Bd7 12.Ne5 Nxe5 13.dxe5 Qc7 14.f4 Qb6 
15.Qd2 Bc5 16.Nd1 f6 17.Bf3 fxe5 18.fxe5 Rf5 19.a3 a5 20.Kh2 a4 21.g4 Rxe5
22.Rc1 Rf8 23.Rc3 Rg5 24.Re1 Rg6 25.Nf2 Qd6+ 26.Kg1 Rh6 27.e4 Qh2+ 28.Kf1 
Bb5+ 29.Re2 Qh1+ 0-1

[Event "7th Asia-ch"]
[Site "Subic Bay PHI"]
[Date "2009.05.23"]
[Round "11"]
[White "Zhou Jianchao"]
[Black "Ganguly, Surya Shekhar"]
[Result "1/2-1/2"]
[WhiteElo "2635"]
[BlackElo "2625"]
[EventDate "2009.05.13"]
[PlyCount "32"]

1.d4 Nf6 2.c4 g6 3.Nc3 d5 4.Qa4+ Bd7 5.Qb3 dxc4 6.Qxc4 Bg7 7.e4 O-O 8.Nf3 
b5 9.Nxb5 Nxe4 10.Bd3 Nd6 11.Nxd6 cxd6 12.Be4 Be6 13.Qa4 Bd7 14.Qc4 Be6 
15.Qa4 Bd7 16.Qc4 Be6 1/2-1/2

[Event "7th Asia-ch"]
[Site "Subic Bay PHI"]
[Date "2009.05.23"]
[Round "11"]
[White "Rahman, Ziaur"]
[Black "Kazhgaleev, Murtas"]
[Result "0-1"]
[WhiteElo "2523"]
[BlackElo "2626"]
[EventDate "2009.05.13"]
[PlyCount "124"]

1.d4 d5 2.Nf3 Nf6 3.c4 c6 4.e3 Bg4 5.Qb3 Qc7 6.Nc3 e6 7.h3 Bh5 8.g4 Bg6 9.
Ne5 Nbd7 10.Nxg6 hxg6 11.Bg2 Be7 12.Bd2 Nb6 13.cxd5 exd5 14.g5 Nh7 15.h4 
Nf8 16.O-O-O Ne6 17.Kb1 O-O-O 18.Ne2 Nc4 19.Bc3 Kb8 20.Rh3 f5 21.gxf6 gxf6
22.e4 f5 23.exd5 cxd5 24.Rdh1 Bf6 25.Rg3 Rh6 26.Qc2 Bxh4 27.Rgh3 Qe7 28.
Qd3 g5 29.Bxd5 Nxb2 30.Qb5 Na4 31.Ba5 Nb6 32.Bxb6 axb6 33.Re3 f4 34.Re5 
Qd6 35.Bf3 Qa3 36.Qb3 Qxb3+ 37.axb3 Rf6 38.d5 Nc5 39.Nc1 Bxf2 40.Rxg5 Be3 
41.b4 Na4 42.Rh7 Nc3+ 43.Kb2 Nb5 44.Ne2 Nd6 45.Rgg7 Rdf8 46.Rd7 Re8 47.Kc2
Ka8 48.Nc3 b5 49.Kd3 Bb6 50.Ne4 Nxe4 51.Bxe4 f3 52.d6 Rxe4 53.Kxe4 f2 54.
Rh1 f1=Q 55.Rxf1 Rxf1 56.Rh7 Ka7 57.Kd5 Rf4 58.Rh3 Rxb4 59.Rd3 Rh4 60.d7 
b4 61.Ke5 Bd8 62.Ke6 Kb6 0-1

[Event "7th Asia-ch"]
[Site "Subic Bay PHI"]
[Date "2009.05.23"]
[Round "11"]
[White "Moradiabadi, Elshan"]
[Black "Nguyen Ngoc Truong Son"]
[Result "0-1"]
[WhiteElo "2526"]
[BlackElo "2588"]
[EventDate "2009.05.13"]
[PlyCount "82"]

1.d4 d5 2.c4 c6 3.Nc3 dxc4 4.a4 Nf6 5.Nf3 Bf5 6.e3 e6 7.Bxc4 Bb4 8.O-O O-O
9.Qe2 Bg6 10.Ne5 Nbd7 11.Nxg6 hxg6 12.Rd1 Qa5 13.Na2 Bd6 14.b4 Qc7 15.g3 
e5 16.Bb2 Nb6 17.Bb3 e4 18.Rac1 Qd7 19.b5 Nbd5 20.Nc3 g5 21.Rd2 Rab8 22.
Bc4 g4 23.bxc6 bxc6 24.Nxd5 cxd5 25.Bb5 Qf5 26.Qd1 g6 27.Rc6 Bb4 28.Rdc2 
Kg7 29.Bc3 Bxc3 30.R2xc3 Rh8 31.Rc7 Qh5 32.Rxa7 Qxh2+ 33.Kf1 Qh1+ 34.Ke2 
Qf3+ 35.Kd2 Qxf2+ 36.Be2 Qxg3 37.Rcc7 Rh3 38.Rxf7+ Kh6 39.Rxf6 Qxe3+ 40.
Ke1 Rh1+ 41.Rf1 Qg3+ 0-1

[Event "7th Asia-ch"]
[Site "Subic Bay PHI"]
[Date "2009.05.23"]
[Round "11"]
[White "Li Shilong"]
[Black "Toufighi, Homayoon"]
[Result "1-0"]
[WhiteElo "2557"]
[BlackElo "2478"]
[EventDate "2009.05.13"]
[PlyCount "117"]

1.d4 e6 2.c4 Nf6 3.Nf3 Bb4+ 4.Nbd2 b6 5.a3 Bxd2+ 6.Qxd2 Bb7 7.e3 Ne4 8.Qc2
O-O 9.Be2 d6 10.O-O Nd7 11.b4 a5 12.Bb2 f5 13.d5 e5 14.Nd2 Nxd2 15.Qxd2 
axb4 16.axb4 Nf6 17.Rxa8 Bxa8 18.Bd3 g6 19.f4 Qe7 20.fxe5 dxe5 21.Qc3 Re8 
22.Ra1 Kg7 23.h3 Kh6 24.e4 fxe4 25.Bxe4 Nxe4 26.Qe3+ Ng5 27.h4 b5 28.hxg5+
Kg7 29.Ra7 Kg8 30.cxb5 Bxd5 31.Qc5 Qxc5+ 32.bxc5 Rb8 33.Rxc7 Rxb5 34.Bxe5 
Rb1+ 35.Kf2 Rc1 36.g3 Rc4 37.Rg7+ Kf8 38.Rxh7 Rxc5 39.Bd6+ Kg8 40.Rh6 Rc2+
41.Ke3 Kf7 42.Kd4 Ba2 43.Bf4 Rc4+ 44.Ke5 Rc5+ 45.Kd6 Rd5+ 46.Kc6 Rd1 47.
Rh7+ Ke6 48.Rh8 Kf7 49.Bd6 Rc1+ 50.Bc5 Bb1 51.Rf8+ Kg7 52.Rf6 Be4+ 53.Kd6 
Bf5 54.Bd4 Kg8 55.g4 Bb1 56.Rf4 Re1 57.Be5 Re4 58.Rf1 Rb4 59.Ke7 1-0

[Event "7th Asia-ch"]
[Site "Subic Bay PHI"]
[Date "2009.05.23"]
[Round "11"]
[White "Djao Thien Hai"]
[Black "Wan Yunguo"]
[Result "1/2-1/2"]
[WhiteElo "2546"]
[BlackElo "2434"]
[EventDate "2009.05.13"]
[PlyCount "118"]

1.d4 Nf6 2.c4 g6 3.Nc3 Bg7 4.e4 d6 5.Bg5 O-O 6.Qd2 Na6 7.Bd3 e5 8.d5 Nc5 
9.Bc2 a5 10.Nge2 Bd7 11.f3 Qb8 12.O-O c6 13.dxc6 bxc6 14.Rfd1 Nb7 15.Na4 
Be6 16.b3 Rd8 17.Nec3 Qc7 18.Rac1 Qe7 19.Bd3 Qf8 20.Bf1 h6 21.Bh4 Rab8 22.
Qe1 g5 23.Bf2 Nd7 24.Rc2 Ndc5 25.Rcd2 Qe7 26.Be3 Bf8 27.Qg3 Bg7 28.Nxc5 
Nxc5 29.Rxd6 Rxd6 30.Bxc5 Rbd8 31.Rxd6 Rxd6 32.Qf2 Bf8 33.Na4 Qd8 34.Bxd6 
Qxd6 35.c5 Qd1 36.g4 Qc1 37.Kg2 h5 38.h3 h4 39.Ba6 Kg7 40.Qf1 Qa3 41.Qf2 
Qc1 42.Bb7 Bd7 43.Qb2 Qf4 44.Qf2 Qc1 45.Ba6 Be6 46.Bd3 f6 47.Ba6 Be7 48.
Bd3 Kf7 49.Qf1 Qe3 50.Qe2 Bxc5 51.Qxe3 Bxe3 52.Kf1 Ke7 53.Ke2 Bd4 54.Ba6 
Kd6 55.Kd3 Bf7 56.Bc4 Be8 57.Bg8 Bd7 58.Bf7 Bc8 59.Bc4 Bd7 1/2-1/2